[Event "FIDE Chesscom Grand Swiss 2019"]
[Site "Douglas-Isle of Man"]
[Date "2019.10.12"]
[Round "3.22"]
[White "Soumya, Swaminathan"]
[Black "Kuzubov, Yuriy"]
[Result "0-1"]
[WhiteElo "2365"]
[BlackElo "2636"]
[Annotator "RC"]
[PlyCount "90"]
[EventDate "2019.10.10"]
[EventType "swiss"]
[EventCountry "GBR"]
[SourceTitle "playchess.com"]
[Source "ChessBase"]
[SourceQuality "1"]
[TimeControl "40/6000+30:20/3000+30:900+30"]

1. e4 {[%emt 0:00:00]} e5 {[%emt 0:00:00]} 2. Nf3 {[%emt 0:00:00]} Nf6 {[%emt 0:00:00]} 3. Nxe5 {[%emt 0:00:22]} d6 {[%emt 0:00:00]} 4. Nf3 {[%emt 0:00:10]} Nxe4 {[%emt 0:00:00]} 5. c4 {[%emt 0:02:11]} g6 {[%emt 0:00:05]} 6. d4 {[%emt 0:07:58]} Bg7 {[%emt 0:00:59]} 7. Bd3 {[%emt 0:00:23]} Nf6 {[%emt 0:00:15]} 8. O-O {[%emt 0:04:56]} O-O {[%emt 0:00:06]} 9. d5 {[%emt 0:02:48]} c6 {[%emt 0:05:31]} 10. Nc3 {[%emt 0:07:10]} cxd5 {[%emt 0:00:12]} 11. cxd5 {[%emt 0:00:25]} Bg4 {[%emt 0:01:18]} 12. h3 {[%emt 0:06:05]} Bxf3 {[%emt 0:00:15]} 13. Qxf3 {[%emt 0:00:03]} Nbd7 {[%emt 0:00:14]} 14. Qd1 {[%emt 0:06:22]} Re8 {[%emt 0:00:47]} 15. Bg5 {[%emt 0:10:03]} h6 {[%emt 0:00:11]} 16. Bh4 {[%emt 0:02:33]} Qb6 {[%emt 0:02:12]} 17. Rb1 {[%emt 0:05:21]} Nc5 {[%emt 0:02:28]} 18. Bb5 {[%emt 0:06:57]} Re7 {[%emt 0:03:40]} 19. Qf3 {[%emt 0:10:13]} g5 {[%emt 0:01:02]} 20. Bg3 {[%emt 0:00:12]} a6 {[%emt 0:18:47]} 21. Bd3 {[%emt 0:13:39]} Rae8 {[%emt 0:00:50]} 22. Bc2 {[%emt 0:04:00]} Nce4 {[%emt 0:05:06]} 23. Rfd1 {[%emt 0:00:54]} Nxg3 {[%emt 0:03:29]} 24. Qxg3 {[%emt 0:00:11]} Re5 {[%emt 0:01:56]} 25. Qf3 {[%emt 0:05:01]} Qb4 {[%emt 0:12:03]} 26. g3 {[%emt 0:02:04]} h5 {[%emt 0:01:57]} 27. Kg2 {[%emt 0:00:40]} b5 {[%emt 0:01:12]} 28. a4 {[%emt 0:02:16]} Kf8 {[%emt 0:10:05]} 29. axb5 {[%emt 0:01:47]} axb5 {[%emt 0:00:05]} 30. Qd3 {[%emt 0:01:18]} Rc8 {[%emt 0:01:17]} 31. Qf1 {[%emt 0:03:59]} g4 {[%emt 0:02:33]} 32. hxg4 {[%emt 0:00:13]} Nxg4 {[%emt 0:01:29]} 33. Rd2 {[%emt 0:04:36]} Rc4 {[%emt 0:12:29]} 34. Bd3 {[%emt 0:00:59]} Rd4 {[%emt 0:02:19]} 35. Rbd1 {[%emt 0:00:07]} h4 {[%emt 0:01:31]} 36. Bxb5 {[%emt 0:00:34]} Rxd2 {[%emt 0:10:54]} 37. Rxd2 {[%emt 0:00:01]} Rf5 {[%emt 0:00:37]} 38. Qb1 {[%emt 0:01:29]} h3+ {[%emt 0:01:28]} 39. Kg1 {[%emt 0:00:57]} Bxc3 {[%emt 0:01:12]} 40. Qxf5 {[%emt 0:00:26]} Bxd2 {[%emt 0:00:08]} 41. Be2 {[%emt 0:01:54]} h2+ {[%emt 0:00:22]} 42. Kg2 {[%emt 0:01:55]} h1=Q+ {[%emt 0:00:10]} 43. Kxh1 {[%emt 0:00:03]} Qe4+ {[%emt 0:00:13]} 44. Qxe4 {[%emt 0:00:06]} Nxf2+ {[%emt 0:00:04]} 45. Kg2 {[%emt 0:00:07]} Nxe4 {[%emt 0:00:04]} 0-1

[Event "FIDE Chesscom Grand Swiss 2019"]
[Site "Douglas-Isle of Man"]
[Date "2019.10.12"]
[Round "3.23"]
[White "Safarli, Eltaj"]
[Black "Eljanov, Pavel"]
[Result "1/2-1/2"]
[WhiteElo "2593"]
[BlackElo "2663"]
[Annotator "TA"]
[PlyCount "61"]
[EventDate "2019.10.10"]
[EventType "swiss"]
[EventCountry "GBR"]
[SourceTitle "playchess.com"]
[Source "ChessBase"]
[SourceQuality "1"]

{[%evp 18,61,16,16,19,18,7,20,15,14,14,9,8,10,10,11,6,7,9,4,6,0,0,1,19,8,6,0,0,0,0,0,0,0,0,0,0,0,0,0,0,0,0,0,0,0]} 1. e4 e5 2. Nf3 Nc6 3. Bb5 Nf6 4. O-O Nxe4 5. Re1 Nd6 6. Nxe5 Be7 7. Bf1 Nxe5 8. Rxe5 O-O 9. d4 Bf6 10. Re1 {The position is equal.} Re8 {C67: Ruy Lopez: Berlin Defence: 4 0-0 Nxe4} 11. c3 Rxe1 12. Qxe1 Ne8 13. Bf4 d5 14. Bd3 g6 15. Nd2 {[%cal Bb1d2,Bd2f3,Bf3e5][%mdl 32]} Ng7 {[#]} 16. Qe2 $146 ({Predecessor:} 16. Nf3 c6 17. Qe2 Bf5 18. Bxf5 Nxf5 {½-½ (30) Kovalev,V (2664)-Grischuk,A (2769) Douglas 2018}) 16... c6 17. Re1 Bf5 18. Bxf5 Nxf5 19. Nf3 Ng7 20. Be5 Ne6 21. Bxf6 Qxf6 22. Ne5 Re8 23. Ng4 Qd8 24. Qe5 {Threatens to win with Nf6+.} Ng7 25. Qxe8+ $1 {[%mdl 64] Decoy} ({Wrong is} 25. Nh6+ $2 Kf8 $19) 25... Nxe8 {[#]} 26. Rxe8+ $1 {[%mdl 576] Remove Defender} Qxe8 {[%cal Re8e1]} 27. Nf6+ {[%mdl 64] Double Attack} Kf8 {[%cal Re8e1]} 28. Nxe8 Kxe8 29. f4 f5 30. Kf2 Ke7 31. h4 {Accuracy: White = 54%, Black = 95%.} 1/2-1/2

[Event "FIDE Chesscom Grand Swiss 2019"]
[Site "Douglas-Isle of Man"]
[Date "2019.10.12"]
[Round "3.23"]
[White "Dahl, Baard"]
[Black "Mareco, Sandro"]
[Result "0-1"]
[WhiteElo "2067"]
[BlackElo "2634"]
[Annotator "RC"]
[PlyCount "100"]
[EventDate "2019.10.10"]
[EventType "swiss"]
[EventCountry "GBR"]
[SourceTitle "playchess.com"]
[Source "ChessBase"]
[SourceQuality "1"]
[TimeControl "40/6000+30:20/3000+30:900+30"]

1. e4 {[%emt 0:00:00]} c5 {[%emt 0:00:00]} 2. Nf3 {[%emt 0:00:00]} e6 {[%emt 0:00:00]} 3. d4 {[%emt 0:00:00]} cxd4 {[%emt 0:00:00]} 4. Nxd4 {[%emt 0:00:00]} a6 {[%emt 0:00:00]} 5. Bd3 {[%emt 0:00:48]} Bc5 {[%emt 0:00:00]} 6. Nb3 {[%emt 0:00:05]} Be7 {[%emt 0:00:00]} 7. Qg4 {[%emt 0:00:16]} g6 {[%emt 0:00:08]} 8. Qe2 {[%emt 0:00:15]} d6 {[%emt 0:00:05]} 9. O-O {[%emt 0:00:18]} Nd7 {[%emt 0:00:47]} 10. c4 {[%emt 0:05:05]} b6 {[%emt 0:00:11]} 11. Be3 {[%emt 0:02:54]} Bb7 {[%emt 0:00:54]} 12. Nc3 {[%emt 0:02:11]} Ngf6 {[%emt 0:07:10]} 13. Rac1 {[%emt 0:14:44]} O-O {[%emt 0:00:18]} 14. f3 {[%emt 0:01:29]} Qc7 {[%emt 0:00:37]} 15. Qf2 {[%emt 0:03:00]} Rfe8 {[%emt 0:03:42]} 16. Rfd1 {[%emt 0:03:09]} Rac8 {[%emt 0:03:05]} 17. Bf1 {[%emt 0:01:30]} h5 {[%emt 0:00:19]} 18. Nd4 {[%emt 0:23:09]} Qb8 {[%emt 0:01:39]} 19. b3 {[%emt 0:18:28]} Bd8 {[%emt 0:03:50]} 20. Nde2 {[%emt 0:07:46]} Nh7 {[%emt 0:05:35]} 21. Nf4 {[%emt 0:03:00]} Bc7 {[%emt 0:01:31]} 22. g3 {[%emt 0:01:04]} Ba8 {[%emt 0:01:33]} 23. Bh3 {[%emt 0:02:27]} Rcd8 {[%emt 0:01:14]} 24. Nd3 {[%emt 0:08:39]} Nhf6 {[%emt 0:07:53]} 25. Nb4 {[%emt 0:00:58]} Bb7 {[%emt 0:01:08]} 26. Kh1 {[%emt 0:03:01]} Nh7 {[%emt 0:01:35]} 27. Rd2 {[%emt 0:00:44]} Nc5 {[%emt 0:00:18]} 28. Rcd1 {[%emt 0:00:40]} g5 {[%emt 0:01:18]} 29. Bg2 {[%emt 0:01:21]} Rf8 {[%emt 0:00:07]} 30. Nd3 {[%emt 0:00:59]} Nd7 {[%emt 0:02:37]} 31. h4 {[%emt 0:02:31]} d5 {[%emt 0:01:58]} 32. cxd5 {[%emt 0:01:12]} Bxg3 {[%emt 0:00:08]} 33. Qg1 {[%emt 0:00:18]} exd5 {[%emt 0:01:18]} 34. exd5 {[%emt 0:02:12]} Bxh4 {[%emt 0:01:09]} 35. Nf2 {[%emt 0:01:13]} f5 {[%emt 0:00:37]} 36. Nh3 {[%emt 0:00:38]} Rf7 {[%emt 0:06:20]} 37. Bf1 {[%emt 0:00:10]} g4 {[%emt 0:00:08]} 38. Nf4 {[%emt 0:00:47]} Ne5 {[%emt 0:00:04]} 39. Be2 {[%emt 0:01:05]} Ng5 {[%emt 0:00:56]} 40. Rf1 {[%emt 0:01:16]} Re8 {[%emt 0:08:36]} 41. Ng2 {[%emt 0:08:57]} Nh3 {[%emt 0:01:31]} 42. Qh2 {[%emt 0:00:39]} Bf6 {[%emt 0:03:29]} 43. fxg4 {[%emt 0:16:13]} fxg4 {[%emt 0:00:09]} 44. Ne4 {[%emt 0:01:20]} Qd8 {[%emt 0:01:46]} 45. Bd4 {[%emt 0:05:11]} Bg7 {[%emt 0:00:45]} 46. Rxf7 {[%emt 0:00:32]} Nxf7 {[%emt 0:00:05]} 47. Bxg7 {[%emt 0:00:29]} Kxg7 {[%emt 0:01:04]} 48. Ng3 {[%emt 0:01:58]} Qg5 {[%emt 0:00:10]} 49. Rd4 {[%emt 0:01:35]} Bxd5 {[%emt 0:02:51]} 50. Nxh5+ {[%emt 0:00:51]} Qxh5 {[%emt 0:00:19]} 0-1

[Event "FIDE Chesscom Grand Swiss 2019"]
[Site "Douglas-Isle of Man"]
[Date "2019.10.12"]
[Round "3.24"]
[White "Dreev, Aleksey"]
[Black "Munguntuul, Batkhuyag"]
[Result "1/2-1/2"]
[WhiteElo "2662"]
[BlackElo "2421"]
[Annotator "TA"]
[PlyCount "200"]
[EventDate "2019.10.10"]
[EventType "swiss"]
[EventCountry "GBR"]
[SourceTitle "playchess.com"]
[Source "ChessBase"]
[SourceQuality "1"]

{[%evp 10,200,7,9,12,8,6,0,0,0,14,0,15,16,14,7,10,8,0,6,8,4,10,1,14,4,18,14,22,16,19,16,27,13,28,8,7,0,24,17,35,10,7,0,22,15,20,10,23,14,21,20,22,8,12,10,19,20,17,22,104,105,112,112,108,90,104,71,129,126,142,104,202,142,133,129,165,160,165,172,166,171,164,156,224,0,154,146,168,130,171,171,227,232,233,235,274,274,265,271,267,239,264,177,257,258,264,241,272,264,317,264,264,262,217,238,454,446,432,400,490,469,477,473,543,456,422,339,313,322,314,172,294,264,257,252,272,255,225,154,167,147,147,0,0,0,0,0,0,0,0,0,0,0,0,0,0,0,0,0,0,0,0,0,0,0,0,0,0,0,0,0,0,0,0,0,0,0,0,0,0,0,0,0,0,0,0,0,0,0,0,0,0]} 1. d4 d5 2. c4 c6 3. Nf3 Nf6 4. Qc2 dxc4 5. Qxc4 Bg4 6. Nbd2 Nbd7 {D23: Queen's Gambit Accepted: 3 Nf3 Nf6 sidelines} 7. g3 e6 8. Bg2 Be7 9. O-O $146 ({Predecessor:} 9. Qb3 Qb6 10. O-O {½-½ (56) Giri,A (2790)-Mamedov,R (2658) Shamkir 2015}) 9... O-O 10. Qb3 Qb6 11. Nc4 Qa6 12. Bd2 Nb6 13. Rfc1 Ne4 14. Be1 Nxc4 15. Qxc4 Qxc4 16. Rxc4 Nd6 17. Rcc1 f6 18. Ba5 Rac8 19. e3 Nb5 20. a3 Rfe8 21. Nd2 Bh5 22. Nc4 Nd6 23. Nd2 Nb5 24. Bf1 Bf7 25. Nf3 Nc7 26. Ne1 Nd5 27. Nd3 Nc7 28. Rc2 Bd6 29. Bh3 Bg6 30. Rd1 Be4 31. Rcc1 Bf3 32. Re1 Be4 33. Nc5 Bxc5 $1 34. dxc5 Kf7 {[#]} (34... Nd5 $11 {keeps the balance.}) 35. Rc4 $1 $16 {[%cal Rc4e4]} Bd3 36. Rd4 Ba6 37. e4 Re7 38. Red1 Ke8 (38... e5 $142) 39. R1d2 Kf7 40. a4 g6 (40... e5 $16) 41. f3 f5 42. b3 Rce8 43. Rd7 Rc8 44. Kf2 Nd5 45. Rd6 Nc7 46. Ke3 $36 {[%mdl 2048] Black is under strong pressure.} Rce8 (46... Rb8 $16 {was necessary.} 47. Kf4 b6 48. cxb6 axb6) 47. Kf2 Rc8 $1 48. Rd1 Rf8 49. Ke3 Rc8 50. Kf4 Rce8 {[#]} (50... Kf8 {might work better.} 51. Rd8+ Rxd8 52. Rxd8+ Ne8) 51. R1d2 $1 $18 e5+ 52. Ke3 fxe4 53. Bxc7 ({Much less strong is} 53. Kxe4 Ne6 $16) 53... Rxc7 54. Kxe4 Ree7 55. Rd7 Rcxd7 56. Rxd7 {[%mdl 4096] Endgame KRB-KRB} Be2 (56... Rxd7 {was worth a try.} 57. Bxd7 Ke7) 57. Rd2 Ba6 58. Bc8 Ke8 59. h4 Bf1 60. Rd6 Be2 61. Ke3 Bf1 62. Be6 Ba6 $2 (62... a5 63. h5 gxh5) 63. Ke4 Be2 64. b4 Bd1 65. a5 (65. Rxd1 Rxe6 66. Rh1 Rf6 $16) 65... Be2 66. g4 a6 67. g5 Bd1 68. Kxe5 ({Less strong is} 68. Rxd1 Rxe6 69. h5 Re7 $16) 68... Bxf3 69. Kf6 Be2 70. Rd4 Bf3 71. Rd3 Bg2 72. Rd2 Bf3 73. Rd4 Bg2 74. Rd3 Bh1 75. Bg8 Bg2 76. Rg3 (76. Ba2 $16) 76... Bd5 $11 {The position is equal.} 77. Bxd5 cxd5 {KR-KR} 78. Rd3 Re4 79. Rxd5 {Strongly threatening Re5+.} Rxb4 80. Re5+ Kd8 81. Rd5+ Kc7 82. h5 gxh5 83. Kg7 h4 84. Kxh7 h3 85. Rd1 Rh4+ 86. Kg7 h2 87. Rh1 Kc6 88. g6 Kxc5 89. Kf6 Kb5 90. g7 Rf4+ $1 91. Ke6 Rg4 92. Kf6 Kxa5 93. Rxh2 {Black must now prevent Rh5+.} b5 94. Rh5 {And now Rg5 would win.} (94. Rh7 {seems wilder.} Rg2 95. Rh8 Kb4 96. Rd8 Kc5 97. Rc8+) 94... Rxg7 $1 95. Kxg7 {KR-KPP} Ka4 96. Kf6 b4 97. Ke5 b3 98. Rh2 Ka3 $1 99. Kd4 b2 100. Rxb2 Kxb2 {Accuracy: White = 76%, Black = 54%.} 1/2-1/2

[Event "FIDE Chesscom Grand Swiss 2019"]
[Site "Douglas-Isle of Man"]
[Date "2019.10.12"]
[Round "3.24"]
[White "Lu, Shanglei"]
[Black "Inarkiev, Ernesto"]
[Result "1/2-1/2"]
[WhiteElo "2602"]
[BlackElo "2693"]
[Annotator "TA"]
[PlyCount "64"]
[EventDate "2019.10.10"]
[EventType "swiss"]
[EventCountry "GBR"]
[SourceTitle "playchess.com"]
[Source "ChessBase"]
[SourceQuality "1"]

{[%evp 13,64,51,34,22,49,0,14,0,0,0,0,0,0,0,0,0,0,0,8,9,10,0,0,0,0,0,0,0,0,0,0,0,0,0,0,0,0,0,0,0,0,0,0,0,0,0,0,0,0,0,0,0,0]} 1. e4 e5 2. Nf3 Nc6 3. Bc4 Bc5 4. c3 Nf6 5. d3 O-O 6. O-O d5 7. exd5 Nxd5 8. a4 {[%cal Ba2a4,Ba4a5][%mdl 32] C54: Giuoco Piano: 4 c3 Nf6, main lines with 5 d4 and 5 d3} (8. Re1 Bg4 9. Nbd2 Nb6 10. h3 Bh5 11. Bb3 Qxd3 12. Nxe5 Qf5 13. Nef3 Rad8 14. Qe2 Nd5 15. Ne4 Bxf3 16. Qxf3 Qxf3 17. gxf3 {½-½ (31) Vachier Lagrave,M (2774)-Aronian,L (2758) Khanty-Mansiysk 2019}) 8... a6 9. a5 Bf5 {The position is equal.} 10. Re1 Nf6 11. Bg5 ({Of course not} 11. Nxe5 {[#]} Bxf2+ $1 {[%mdl 512]} 12. Kxf2 Nxe5 $17) 11... e4 $146 ({Predecessor:} 11... Qd6 12. Bh4 e4 13. dxe4 Nxe4 14. Nbd2 Nxd2 15. Qxd2 Rae8 {½-½ (36) Kadric,D (2556)-Priyadharshan,K (2527) Kenner 2016}) 12. dxe4 Qxd1 13. Rxd1 Nxe4 14. Bh4 Rfe8 15. Nbd2 {White wants to play Nxe4.} Nxd2 16. Rxd2 {[#] Hoping for Rd5.} Bd6 17. Bd5 Be4 18. Bxe4 Rxe4 19. Bg3 Bxg3 20. hxg3 Rae8 21. Kf1 f6 22. b4 Rc4 23. Rd3 Ne5 24. Nxe5 Rxe5 $11 {[%mdl 4096] Endgame KRR-KRR} 25. Re1 Kf7 26. Rxe5 fxe5 {KR-KR} 27. Rd8 Rxc3 28. Rb8 Ke6 29. Rxb7 Kd5 30. Ra7 Rc6 31. Ke2 Kd4 32. Kd2 Kd5 {Accuracy: White = 70%, Black = 88%.} 1/2-1/2

[Event "FIDE Chesscom Grand Swiss 2019"]
[Site "Douglas-Isle of Man"]
[Date "2019.10.12"]
[Round "3.25"]
[White "Rodshtein, Maxim"]
[Black "Hess, Robert"]
[Result "1-0"]
[WhiteElo "2684"]
[BlackElo "2581"]
[Annotator "TA"]
[PlyCount "151"]
[EventDate "2019.10.10"]
[EventType "swiss"]
[EventCountry "GBR"]
[SourceTitle "playchess.com"]
[Source "ChessBase"]
[SourceQuality "1"]

{[%evp 9,151,27,32,26,28,28,28,27,28,30,34,16,27,38,35,37,44,36,55,48,54,52,56,46,51,39,65,65,58,56,75,67,97,82,94,47,117,120,122,133,163,164,189,174,173,178,163,9,15,11,50,54,43,36,56,49,67,64,75,66,95,81,93,91,93,39,104,106,102,88,148,137,147,122,121,0,132,132,133,133,132,131,296,270,336,337,307,281,1944,2127,1876,58,1707,477,12823,232,253,509,836,740,125,118,330,789,246,0,12839,12839,12840,12840,12841,12841,12841,12842,12842,12842,12841,12841,12841,12842,12841,12840,12845,12842,12842,12843,12842,12842,12842,12843,12843,12843,12844,12844,12845,12845,12846,12846,12847,12847,12847,12848,12847,12848]} 1. c4 e6 2. Nc3 d5 3. d4 a6 4. cxd5 exd5 5. Nf3 h6 (5... Nf6 6. Bg5 Be6 7. e3 Nbd7 8. Bd3 c6 9. Qb3 Qb6 10. Qxb6 Nxb6 11. Bxf6 gxf6 12. Nh4 a5 13. O-O-O Bb4 {1-0 (40) So,W (2767)-Demchenko,A (2655) Khanty-Mansiysk 2019}) 6. Bf4 {D31: Queen's Gambit Declined: Semi-Slav without ...Nf6 (+ Marshall Gambit and Noteboom) and Exchange Variation lines without ...Nf6} Nf6 7. e3 Bd6 8. Bxd6 {White has an edge.} Qxd6 9. Bd3 O-O 10. O-O Nbd7 $146 ({Predecessor:} 10... Be6 11. Rc1 Nbd7 12. h3 c5 13. dxc5 Nxc5 {½-½ (50) Alonso Rosell,A (2559)-Tica,S (2416) Skopje 2019}) 11. Rc1 c5 12. dxc5 Nxc5 13. h3 Qb6 14. Bb1 Be6 15. Qd4 Rfc8 16. Ne2 a5 17. Nf4 Qb4 18. a3 Qb5 19. Rc2 b6 20. Qd1 Qa6 21. Nd4 Bd7 22. Rc1 Ba4 (22... Ne6 $14) 23. Qf3 $16 Nb3 24. Rcd1 {Threatens to win with Nf5.} Nc5 25. b3 (25. Nxd5 Nxd5 26. b3 (26. Qxd5 Bxd1 27. Rxd1 Rd8 $11) 26... Nc3 $11) 25... Bxb3 26. Nxb3 Nxb3 27. e4 {Strongly threatening e5.} Qc4 {[%cal Rd5e4]} 28. exd5 $2 (28. e5 $1 $18 {[%cal Re5f6]} Ne4 29. Bd3) 28... Nd4 29. Qe3 Nc2 (29... Nb5 {feels hotter.} 30. d6 Qc5 31. d7 Rd8 32. Nd5 Nxd5 33. Qxc5 bxc5 34. Rxd5 Nc3) 30. Bxc2 Qxc2 31. Qxb6 Qa4 32. Qe3 Rc4 33. g3 Re8 34. Qf3 Rce4 35. Rd3 Nd7 {aiming for ...Ne5.} 36. Qd1 Qc4 37. Qb3 (37. Qd2 $16) 37... Qa6 (37... Qxb3 $14 38. Rxb3 Rd4) 38. Rc3 a4 39. Qc2 Qd6 (39... Nf6 $142) 40. Rd1 Nf6 41. Rcd3 R8e5 42. Rc3 (42. Qc1 $16) 42... g5 (42... Re8 $1 $11 {remains equal.}) 43. Rc6 Qxa3 44. Rxf6 gxf4 45. Rxf4 Rxf4 $2 (45... Qb4 $16) 46. gxf4 {[%mdl 4096] Endgame KQR-KQR} Re8 {[#]} 47. Qc6 $1 {[%mdl 64] Double Attack} Rd8 48. Kh2 $1 (48. Qxh6 Rd6 $16) 48... Qb2 $2 (48... Kh7 49. Qf6 Qd6 50. Qxf7+ Kh8) 49. Rg1+ $18 Kh7 50. Qc7 $2 (50. Qxa4 $18 {And now Qe4+ would win.} Qf6 51. Qe4+ Kh8 52. Qe3) 50... Rd7 $2 {[%mdl 8192]} (50... Rf8 $14) 51. Qc4 (51. Qxd7 $142 Qxf2+ 52. Rg2 Qxf4+ 53. Kg1 Qc1+ 54. Kf2 Qf4+ 55. Ke2 Qe4+ 56. Kf2 Qd4+ 57. Ke2 Qe4+ 58. Kf1 Qc4+ 59. Re2 Qc1+ 60. Kg2 $1 {[%mdl 512]} Qg5+ 61. Kf3 $1 {[%mdl 512]} Qh5+ 62. Qg4 Qxd5+ 63. Qe4+ Qxe4+ 64. Rxe4) 51... Rd6 (51... f5 $142 52. Qxa4 Qxf2+ 53. Rg2 Ra7) 52. Qxa4 $2 (52. Qe4+ Rg6 53. Rxg6 fxg6 54. Qe7+ Qg7 55. d6) 52... Qxf2+ 53. Rg2 Qe3 54. Qc2+ Rg6 55. Qf5 $36 {[%mdl 2048] White is on the roll.} Qe7 $2 (55... Qa7 $16 {keeps fighting.} 56. d6 Qb7 57. Rxg6 fxg6) 56. d6 $1 {[%cal Rd6e7]} Qb7 57. Qc2 $2 ({White has to play} 57. Rxg6 $1 $18 {White threatens Rg2+ and mate.} fxg6 58. Qf6) 57... Qf3 $2 {[%mdl 8192]} (57... Qb4 $11) 58. Rxg6 {White is clearly winning.} fxg6 {[#] KQ-KQ} 59. Qd2 $1 Qa8 60. d7 Qd8 61. Qd6 Kg7 62. Kg3 Kf7 63. Kf2 Qh4+ 64. Kg2 Qd8 65. Kf1 Kg7 66. Ke2 Kf7 67. Kd3 Kg7 68. Kd4 Kf7 {[#]} 69. h4 $1 {[%mdl 512]} Qh8+ (69... Qxh4 70. d8=Q) 70. Kc4 Qd8 71. Kb5 Kg7 72. Kc6 Qa8+ {[#]} 73. Kb6 $1 {Threatening mate with Qe7+.} Qd8+ 74. Qc7 Qf6+ 75. Kb7 Qb2+ 76. Kc8 {Accuracy: White = 60%, Black = 32%.} 1-0

[Event "FIDE Chesscom Grand Swiss 2019"]
[Site "Douglas-Isle of Man"]
[Date "2019.10.12"]
[Round "3.25"]
[White "Sadhwani, Raunak"]
[Black "Ganguly, Surya Shekhar"]
[Result "1/2-1/2"]
[WhiteElo "2479"]
[BlackElo "2658"]
[Annotator "RC"]
[PlyCount "56"]
[EventDate "2019.10.10"]
[EventType "swiss"]
[EventCountry "GBR"]
[SourceTitle "playchess.com"]
[Source "ChessBase"]
[SourceQuality "1"]
[TimeControl "40/6000+30:20/3000+30:900+30"]

1. c4 {[%emt 0:00:00]} Nf6 {[%emt 0:00:00]} 2. Nc3 {[%emt 0:00:00]} e5 {[%emt 0:01:22]} 3. Nf3 {[%emt 0:00:00]} Nc6 {[%emt 0:00:09]} 4. g3 {[%emt 0:00:00]} d5 {[%emt 0:00:34]} 5. cxd5 {[%emt 0:00:00]} Nxd5 {[%emt 0:00:05]} 6. Bg2 {[%emt 0:00:04]} Nb6 {[%emt 0:00:07]} 7. O-O {[%emt 0:00:07]} Be7 {[%emt 0:00:04]} 8. a3 {[%emt 0:00:06]} O-O {[%emt 0:00:45]} 9. b4 {[%emt 0:00:05]} Be6 {[%emt 0:00:37]} 10. Rb1 {[%emt 0:00:11]} f6 {[%emt 0:01:07]} 11. d3 {[%emt 0:00:06]} Nd4 {[%emt 0:01:51]} 12. Nd2 {[%emt 0:01:40]} c6 {[%emt 0:02:02]} 13. Nde4 {[%emt 0:02:18]} Bf7 {[%emt 0:11:31]} 14. Nc5 {[%emt 0:01:59]} Qc7 {[%emt 0:05:48]} 15. e3 {[%emt 0:00:30]} Ne6 {[%emt 0:04:18]} 16. N3e4 {[%emt 0:00:07]} Nxc5 {[%emt 0:11:17]} 17. bxc5 {[%emt 0:04:22]} Nd7 {[%emt 0:00:30]} 18. d4 {[%emt 0:04:19]} b6 {[%emt 0:02:14]} 19. Qc2 {[%emt 0:03:54]} bxc5 {[%emt 0:05:54]} 20. dxe5 {[%emt 0:00:05]} Nxe5 {[%emt 0:04:35]} 21. Nxc5 {[%emt 0:00:12]} Bc4 {[%emt 0:02:09]} 22. Rb7 {[%emt 0:16:46]} Qd6 {[%emt 0:03:31]} 23. Ne4 {[%emt 0:04:52]} Qe6 {[%emt 0:01:04]} 24. f4 {[%emt 0:04:12]} Bd3 {[%emt 0:08:00]} 25. Qa4 {[%emt 0:04:08]} Bb5 {[%emt 0:03:36]} 26. Qc2 {[%emt 0:01:15]} Bd3 {[%emt 0:01:16]} 27. Qa4 {[%emt 0:00:09]} Bb5 {[%emt 0:10:37]} 28. Qc2 {[%emt 0:00:15]} Bd3 {[%emt 0:00:05]} 1/2-1/2

[Event "FIDE Chesscom Grand Swiss 2019"]
[Site "Douglas-Isle of Man"]
[Date "2019.10.12"]
[Round "3.26"]
[White "So, Wesley"]
[Black "Volokitin, Andrei"]
[Result "1/2-1/2"]
[WhiteElo "2767"]
[BlackElo "2627"]
[Annotator "TA"]
[PlyCount "53"]
[EventDate "2019.10.10"]
[EventType "swiss"]
[EventCountry "GBR"]
[SourceTitle "playchess.com"]
[Source "ChessBase"]
[SourceQuality "1"]

{[%evp 9,53,0,0,0,0,8,18,18,16,12,31,0,0,0,0,0,0,0,0,0,0,0,4,-9,-22,-16,0,0,13,0,0,0,0,0,0,0,0,0,0,0,0,0,0,0,0,0]} 1. e4 c5 2. Nc3 d6 3. d4 cxd4 4. Qxd4 Nc6 5. Qd2 g6 6. b3 {B23: Closed Sicilian: Lines without g3} Bh6 7. f4 f5 8. Bb2 Nf6 9. O-O-O Rf8 (9... O-O 10. Kb1 Bg7 11. exf5 Bxf5 {1-0 (37) Caruana,F (2819)-Vachier Lagrave,M (2779) Stavanger 2019}) 10. exf5 Bxf5 {The position is equal.} 11. Bb5 $146 ({Predecessor:} 11. g3) 11... Qb6 12. Nge2 Ne4 13. Nxe4 Bxe4 14. Bxc6+ Qxc6 15. Kb1 $1 e5 $132 {[%mdl 2048] Black is not holding back} 16. Rhe1 O-O-O 17. g3 Bf3 18. Qa5 {Threatens to win with Rd3.} Bxe2 19. Rxe2 exf4 20. Qxa7 {Hoping for Re7.} f3 21. Re7 {[%cal Ra7a8] [#]} Rd7 22. Qa8+ Kc7 23. Qa5+ Kc8 $1 24. Qa8+ Kc7 25. Qa5+ Kc8 $1 26. Qa8+ Kc7 27. Qa5+ {Accuracy: White = 84%, Black = 69%.} 1/2-1/2